Impacto del Tratado de Libre Comercio entre América Central, República Dominicana y Estados Unidos en materia ambiental [videograbación]. Debate TLC: ambiental /
Kaydedildi:
| Yazar: | |
|---|---|
| Diğer Yazarlar: | |
| Materyal Türü: | Metin |
| Baskı/Yayın Bilgisi: |
San José
|
| Konular: | |
| Etiketler: |
Etiketle
Etiket eklenmemiş, İlk siz ekleyin!
|
MARC
| LEADER | 00000 a a2200000 04500 | ||
|---|---|---|---|
| 001 | 32147 | ||
| 003 | |||
| 040 | |||
| 090 | |a 201200 |b RECURSO ELECTRONICO | ||
| 100 | |a Aguilar, Alejandro (Asesora COMEX) | ||
| 245 | |a Impacto del Tratado de Libre Comercio entre América Central, República Dominicana y Estados Unidos en materia ambiental [videograbación]. Debate TLC: ambiental / |c Alejandro Aguilar (Asesora COMEX) | ||
| 260 | |a San José | ||
| 650 | |a AMERICA CENTRAL | ||
| 650 | |a COSTA RICA | ||
| 650 | |a ESTADOS UNIDOS | ||
| 650 | |a CAFTA | ||
| 650 | |a LIBRE COMERCIO | ||
| 650 | |a NEGOCIACIONES COMERCIALES | ||
| 650 | |a COMERCIO EXTERIOR | ||
| 650 | |a MEDIO AMBIENTE | ||
| 650 | |a AGUA | ||
| 650 | |a RECURSOS HIDRICOS | ||
| 650 | |a DESARROLLO SOSTENIBLE | ||
| 650 | |a GESTION AMBIENTAL | ||
| 650 | |a LEGISLACION AMBIENTAL | ||
| 650 | |a PROTECCION AMBIENTAL | ||
| 650 | |a POLITICA AMBI | ||
| 700 | |a Pacheco, Freddy (Académico UNA) |a Murillo Rodríguez, Carlos (Académico, UNA) |a Rojas, Isaac (Secretario General FECON) |a Rodríguez, Silvia (Académico, UNA) |a Bustamante, Alex (Presidente, FEUNA) | ||
| 999 | |c 3020 |d 3020 | ||
